000 00795nam a22002417a 4500
003 UA-OsUOA
001 50613
007 ta
008 20140624b un ||||| |||| 00| 0 ukr d
100 _aРозгін І.
090 _a929
_bР64
942 _cBR
040 _aUA-OsUOA
_bukr
_cUA-OsUOA
_dUA-OsUOA
245 _aВалентина Радзимовська. Короткий нарис життя та наукової й громадської її діяльности.
300 _a48 с.
955 _a1
041 _aukr
080 _a929
260 _aВінніпег
_c1968
650 7 _a9 Географія. Біографії. Історія
_2UDC
999 _c430729
_d430729